Normal view
MARC view
Entry Topical Term
001 - CONTROL NUMBER
- control field: 34358
003 - CONTROL NUMBER IDENTIFIER
- control field: OSt
005 - DATE AND TIME OF LATEST TRANSACTION
- control field: 20221215124620.0
008 - FIXED-LENGTH DATA ELEMENTS
- fixed length control field: 221215|| aca||aabn | a|a d
040 ## - CATALOGING SOURCE
- Original cataloging agency: OSt
- Transcribing agency: OSt
150 ## - HEADING--TOPICAL TERM
- Topical term or geographic name entry element: Greenwashing behaviors (GWBs), Fraud triangle theory, Structural equation modelling, Configuration analysis.
670 ## - SOURCE DATA FOUND
- Source citation: Work cat.: (OSt): He, Qinghua, et al 34357, The dark side of environmental sustainability in projects: Unraveling greenwashing behaviors
